000 01023nam a2200253Ia 4500
003 OSt
005 20220930094905.0
006 a|||||r|||| 00| 0
007 ta
008 220926b |||||||| |||| 00| 0 hin d
024 _a32544
037 _cTheses
040 _aCRL
_cCRL
_bhin
041 _2hin
_ahin
100 _aअरुण कुमार, ले.
110 _aदिल्ली विश्वविद्यालय. कला संकाय. संस्कृत
_9556612
245 0 _aरुपावतार एवं लघुसिद्धान्तकौमुदी की तुलनात्मक समीक्षा
246 _aRupāvatār evan laghusiddhāntakaumudī kī tulanātmak samīkṣhā
260 _c2015
300 _a261पृ.
_ap.
_ccm.
700 _aदिल्ली विश्वविद्यालय. कला संकाय. संस्कृत
_9556613
942 _cDIS
_2CC
999 _c887876
_d887876